| 000 | 01819nam a2200445 a 4500 | ||
|---|---|---|---|
| 001 | 000112830 | ||
| 003 | CHAP | ||
| 005 | 20220329144324.0 | ||
| 008 | 170113s2016 mx a fsm |||||||spa d | ||
| 010 | _a109291 | ||
| 011 | _a110263 | ||
| 040 | _cCHAP | ||
| 090 | _aTesis | ||
| 100 | 1 |
_aBedoya Cardoso, Marlio _911237 |
|
| 245 | 1 | 0 |
_aEstimación de la producción mundial del café y el precio diario del café suave colombiano utilizando redes neuronales artificiales y modelos autoregresivos integrados de promedios móviles con variables exógenas (ARIMAX) / _h[En línea] _cpor Marlio Bedoya Cardoso. |
| 260 |
_aChapingo, Méx. : _bEl autor, _c2016. |
||
| 500 | _aPara ver el contenido del material haga clic en la liga | ||
| 502 | _aTesis (Ph.D. en Economía Agrícola) -- UACH. División de Ciencias Económico Administrativas | ||
| 590 |
_aBATCH _b00 _c20181121 _lUCH01 _h0759 |
||
| 590 |
_aE6096MTM _b05 _c20170223 _lUCH01 _h1259 |
||
| 590 |
_aE6096MTM _b05 _c20170301 _lUCH01 _h1501 |
||
| 590 |
_aE6096MTM _b05 _c20170302 _lUCH01 _h1342 |
||
| 590 |
_aE8697GMM _b05 _c20170113 _lUCH01 _h1248 |
||
| 590 |
_aE8697GMM _b05 _c20170113 _lUCH01 _h1249 |
||
| 590 |
_aE8697GMM _b05 _c20170126 _lUCH01 _h0848 |
||
| 590 |
_aE8697GMM _b05 _c20170131 _lUCH01 _h1404 |
||
| 590 |
_aE8697GMM _b05 _c20170206 _lUCH01 _h0920 |
||
| 590 |
_aE8697GMM _b05 _c20170215 _lUCH01 _h1429 |
||
| 590 |
_aE8697GMM _b05 _c20170221 _lUCH01 _h0934 |
||
| 590 |
_aE8697GMM _b05 _c20170223 _lUCH01 _h0838 |
||
| 650 | 1 | 4 |
_aCafé _xColombia. _917116 |
| 650 | 1 | 4 |
_aCafé _xPrecios. _917187 |
| 650 | 1 | 4 |
_aCafé _xProducción. _9129779 |
| 650 | 1 | 4 |
_aProcesamiento automático de datos en agricultura. _991751 |
| 856 |
_a1 _n0000882 |
||
| 856 |
_aFinding aid _uhttp://10.13.5.2/tesis/sist112830.pdf _zTeclea aquí |
||
| 901 | _aBK | ||
| 942 | _cTESIS | ||
| 942 | _n0 | ||
| 999 |
_c109291 _d109291 |
||